Secure Programming Cookbook for C and C++

Saved in:
Bibliographic Details
Main Author: Viega
Format: Book
Published: Shroff Pub.
Tags: Add Tag
No Tags, Be the first to tag this record!

MARC

LEADER 00000nam a2200000Ia 4500
005 20260513122049.0
020 |a 9788173667282 
100 |a Viega 
365 |c Rs. 
365 |b 20.00 
942 |c BK 
245 |a Secure Programming Cookbook for C and C++ 
260 |b Shroff Pub. 
999 |c 8  |d 8 
952 |0 0  |1 0  |4 0  |7 0  |a UNSW  |b UNSW  |d 2026-05-06  |g 2625.00  |i 16689  |l 0  |p 000045  |r 2026-05-13 12:20:49  |v 2625.00  |w 2026-05-13  |y BK